| 000 | 00827nam a22001697a 4500 | ||
|---|---|---|---|
| 003 | NUST | ||
| 082 | _a621 | ||
| 100 |
_a Zeeshan, Muhammad _918618 |
||
| 245 |
_aEffects of Viscous Dissipation and General Surface Temperature on Flow and Heat Transfer in a Thin Liquid Film on an Unsteady Stretching Sheet using Homotopy Analysis Method / _cMuhammad Zeeshan |
||
| 264 |
_aIslamabad : _b SMME- NUST; _c2023. |
||
| 300 |
_a76p. ; _bSoft Copy _c30cm. |
||
| 520 | _aThe lie symmetry approach is used to investigate effects on various dissipation on flow and heat transmission in a thin liquid layer on unstable stretched sheet.... | ||
| 650 |
_aMS Mechanical Engineering _9119495 |
||
| 700 |
_aSupervisor : Dr Muhammad Safdar _9119644 |
||
| 856 | _uhttp://10.250.8.41:8080/xmlui/handle/123456789/34375 | ||
| 942 |
_2ddc _cTHE |
||
| 999 |
_c607343 _d607343 |
||